000 01038nam a22002537a 4500
999 _c7827
_d7827
003 AR-CdUCM
008 190321b ||||| |||| 00| 0 spa d
020 _a84-252-0288-4
040 _aMUNICIPALIDAD PROVINCIAL DEL CUSCO
_cBIBLIOTECA MUNICIPAL DEL CUSCO
082 _27ed.
_a625.11 /
_bSA26
100 _aSarrazín, O.
_922131
245 _aManual de replanteo de curvas :
_bcon y sin arcos de enlace para ferrocarriles, carreteras y canales /
260 _aBarcelona :
_bGustavo Gili,
_c1974.
300 _a304 páginas ;
_btablas,
_c14 cm.
440 _aEdición alemana versión.
_n44
_922132
505 _aContenido: Replanteo de arcos de círculo a partir de las tangentes -- Rampas -- Trazado de arco de círculo -- Arcos compuestos -- Replanteo de curvas por coordenadas polares ...
650 _aReplanteo de curvas
_922133
650 _aCaminos, tablas
_922134
650 _aMatemáticas
_99398
700 _aOberbeck H. (coautor)
_922135
700 _aHofer, Max (completado)
_922136
942 _2ddc
_cLIBROS
945 _aachl